Alle PDC Darts Turniersieger 2019 - Statistiken

Allgemein
  • Dieses Quiz wurde 88 mal gespielt
  • Das Durchschnittsergebnis liegt bei 50 aus 60
Antwortstatistiken
Turnier Land Dartspieler % Korrekt
World Darts Championship Niederlande Michael van Gerwen
100%
The Masters Niederlande Michael van Gerwen
100%
PDPA Players Championship 1 Niederlande Michael van Gerwen
100%
PDPA Players Championship 3 Niederlande Michael van Gerwen
100%
PDC European Darts Open Niederlande Michael van Gerwen
100%
PDC German Darts Grand Prix Niederlande Michael van Gerwen
100%
PDC German Open Niederlande Michael van Gerwen
100%
PDC Austrian Darts Open Niederlande Michael van Gerwen
100%
Premier League Niederlande Michael van Gerwen
100%
Melbourne Masters Niederlande Michael van Gerwen
100%
PDC New Zealand Masters Niederlande Michael van Gerwen
100%
World Grand Prix Niederlande Michael van Gerwen
100%
Champions League Of Darts Niederlande Michael van Gerwen
100%
World Series Of Darts Finals Niederlande Michael van Gerwen
100%
Players Championship Darts Finals Niederlande Michael van Gerwen
100%
PDPA Players Championship 5 Wales Gerwyn Price
98%
PDPA Players Championship 6 Wales Gerwyn Price
98%
PDC International Darts Open Wales Gerwyn Price
98%
PDPA Players Championship 27 Wales Gerwyn Price
98%
Grand Slam Of Darts Wales Gerwyn Price
98%
PDC German Darts Masters World Series Schottland Peter Wright
98%
PDPA Players Championship 19 Schottland Peter Wright
98%
PDPA Players Championship 20 Schottland Peter Wright
98%
PDPA Players Championship 30 Schottland Peter Wright
98%
PDC Austrian Darts Championship Österreich Mensur Suljovic
95%
PDPA Players Championship 26 Österreich Mensur Suljovic
95%
PDPA Players Championship 23 Portugal Jose de Sousa
94%
PDPA Players Championship 28 Portugal Jose de Sousa
94%
PDPA Players Championship 17 Polen Krzysztof Ratajski
90%
PDPA Players Championship 21 Polen Krzysztof Ratajski
90%
PDC Gibraltar Darts Trophy Polen Krzysztof Ratajski
90%
PDC German Darts Championship Nordirland Daryl Gurney
87%
PDPA Players Championship 25 Nordirland Daryl Gurney
87%
PDPA Players Championship 10 Wales Jonny Clayton
87%
PDPA Players Championship 9 England James Wade
83%
PDPA Players Championship 11 England James Wade
83%
PDPA Players Championship 12 England James Wade
83%
PDPA Players Championship 18 England James Wade
83%
PDPA Players Championship 24 England James Wade
83%
UK Open England Nathan Aspinall
83%
US Darts Masters England Nathan Aspinall
83%
PDPA Players Championship 22 Nordirland Brendan Dolan
81%
PDPA Players Championship 29 Nordirland Brendan Dolan
81%
Brisbane Masters Australien Damon Heta
81%
World Matchplay England Rob Cross
81%
European Championship England Rob Cross
81%
PDPA Players Championship 13 Irland William O‘Connor
76%
PDPA Players Championship 2 England Dave Chisnall
75%
PDPA Players Championship 7 England Dave Chisnall
75%
PDC Danish Open England Dave Chisnall
75%
PDC Youth World Championship England Luke Humphries
75%
PDC European Matchplay England Joe Cullen
68%
PDPA Players Championship 8 England Adrian Lewis
57%
PDC European Darts Grand Prix England Ian White
51%
PDC Dutch Darts Masters England Ian White
51%
PDPA Players Championship 14 Niederlande Jeffrey de Zwaan
48%
PDPA Players Championship 4 England Glen Durrant
37%
PDPA Players Championship 15 England Glen Durrant
37%
PDC Czech Open England Jamie Hughes
17%
PDPA Players Championship 16 England Harry Ward
8%
Keine übereinstimmenden Quizze gefunden
Verteilung der Resultate
Anzahl Personen mit jedem Resultat
Perzentil nach korrekt beantworteten Fragen
Ihre Resultats-Entwicklung
Sie haben dieses Quiz noch nicht gespielt